Agronomy for beginners (Record no. 352)
[ view plain ]
| 000 -LEADER | |
|---|---|
| fixed length control field | 00427nam a2200157 4500 |
| 020 ## - INTERNATIONAL STANDARD BOOK NUMBER | |
| ISBN | 9788127243043 |
| 050 ## - CALL NUMBER | |
| Classification number | S494.5 |
| Item number | .L46 |
| 100 ## - AUTHOR | |
| Personal name | Lenka, D |
| -- | Jena, S |
| 245 ## - TITLE | |
| Title | Agronomy for beginners |
| Statement of responsibility, etc | D. Lenka and S. Jena. |
| 250 ## - EDITION | |
| Edition statement | 2ND ED |
| 260 ## - PUBLICATION INFORMATION | |
| Place of publication | Ludhiana : |
| Name of publisher | Kalyani Publishers, |
| Year of publication | 2001 |
| 300 ## - DESCRIPTION | |
| Number of Pages | xv, 356 pages : |
| Other physical details | table, figure, graph ; |
| Dimensions | 23 cm |
| 500 ## - NOTES | |
| General note | INCLUDES INDEX |
| 650 ## - SUBJECTS | |
| Topical Term | Agronomy |
| 942 ## - ADDED ENTRY ELEMENTS (KOHA) | |
| Koha item type | Books |
| Withdrawn status | Lost status | Home library | Current library | Date acquired | Full call number | Accession Number | Koha item type |
|---|---|---|---|---|---|---|---|
| Methodist University Library Wenchi Faculty | Methodist University Library Wenchi Faculty | 20/10/2017 | S494.5 .L46 | 23214 | Books | ||
| Methodist University Library Wenchi Faculty | Methodist University Library Wenchi Faculty | 20/10/2017 | S494.5 .L46 | 23215 | Books |